Statistics for Top 10 Earning Players in Tennis

Click here to take the quiz!

General Stats

  • This quiz has been taken 296 times
  • The average score is 7 of 10

Answer Stats

RankEarningsAnswer% Correct
1$71.5 millionRoger Federer
99%
4$26.4 millionRafael Nadal
98%
3$26.9 millionNovak Djokovic
97%
6$18.2 millionLi Na
94%
5$20.5 millionSerena Williams
93%
8$14.9 millionAndy Murray
89%
2$29 millionMaria Sharapova
83%
7$15.7 millionVictoria Azarenka
41%
9$13.6 millionCaroline Wozniacki
22%
10$10.5 millionKei Nishikori
13%

Score Distribution

Percentile by Number Answered

Percent of People with Each Score

Your Score History

You have not taken this quiz